01990cam a2200361 a 4500999001700000001000900017005001700026008004100043010001700084020001800101020001500119035002400134040005400158042001400212043001200226050002100238110004200259245013000301246008600431260011000517300003300627500009600660500013100756504005100887505029600938610005601234610006401290650004001354650005401394700002701448942003201475952012101507 c20696d206961555759420170120114741.0081215s2009 nyua bc 001 0 eng d a 2008943590 a9780870707452 a0870707450 a(OCoLC)ocn276334214 aBTCTAcBTCTAdYDXCPdBWXdOACdNGAdCDXdUABdDLC alccopycat an-us-ny00aNC95b.M878 20092 aMuseum of Modern Art (New York, N.Y.)10aCompass in hand :bselections from the Judith Rothschild Foundation contemporary drawings collection /cChristian Rattemeyer.30aSelections from the Judith Rothschild Foundation contemporary drawings collection aNew York :bMuseum of Modern Art :bDistributed in the U.S. by D.A.P./Distributed Art Publishers,cc2009. a317 p. :bcol. ill ;c30 cm. aCatalog of an exhibition held at the Museum of Modern Art, New York, Apr. 22-July 27, 2009. aThe Judith Rothschild Foundation contemporary drawings collection was acquired by the Museum of Modern Art, New York, in 2005. aIncludes bibliographical references and index.2 aForeword / Glenn D. Lowry -- Acknowledgments / Cornelia Butler -- Compass in hand : assessing drawing now / Christian Rattemeyer -- Harvey S. Shipley Miller and Gary Garrels / interviewed by Cornelia Butler and Christian Rattemeyer -- Plates -- Index -- Trustees of the Museum of Modern Art.20aMuseum of Modern Art (New York, N.Y.)vExhibitions.20aJudith Rothschild FoundationxArt collectionsvExhibitions. 0aDrawingy20th centuryvExhibitions. 0aDrawingzNew York (State)zNew YorkvExhibitions.1 aRattemeyer, Christian. 2lcccBOOKShNC95 .M878 2009 00102lcc4070aMUCbMUCcTECHd2017-01-20eDonation(BFA)l0oNC95 .M878 2009p30923r2018-07-11w2017-01-20yBOOKS